000
00158 a2200085 4500
041
_a
eng
100
_a
Mother, goose
245
_a
Best loved verses
942
_c
BK
999
_c
10159
_d
10159